000 00398pab a2200157 454500
008 180718b2012 xxu||||| |||| 00| 0 eng d
100 _aSim, Christopher A.
245 _aStatistical modeling of monetary policy and its effects
260 _c2012
300 _ap.1187-1205.
362 _aJun
650 _aMonetary policy
773 _aAmerican Economic Review
908 _aN
909 _a97574
999 _c97573
_d97573